000 00874cab a2200241 4500
001 ABS49643
008 090401t1993 xxu||||| |||| 00| 0 eng d
035 _a(Sirsi) u72082
041 _aeng
100 _aHolgate, P.
245 _aWayleave and easement valuation
260 _c1993
350 _a0
490 _aCS Monthly : Rural Practice
_v3(3) November 1993, 7(1)
520 _aAn aim of the valuation skills panel is to provide guidance for surveyors on the law and valuation of wayleaves and easements. Raises a number of issues and invites comments from members on the topic.
650 _aCOMPENSATION
650 _aEASEMENTS
650 _aWAYLEAVES
690 _aENVIRONMENTAL AND LAND CONSULTANCY-PLANNING AND DEVELOPMENT-COMPULSORY PURCHASE AND COMPENSATION
690 _aHIGHWAYS RIGHTS OF WAY AND EASEMENTS
942 _n0
948 _c04/03/1997
999 _c45484
_d45484